Delincuencia común, crimen organizado y consolidación democrática

Guardat en:
Dades bibliogràfiques
Format: Text
Matèries:
Etiquetes: Afegir etiqueta
Sense etiquetes, Sigues el primer a etiquetar aquest registre!

MARC

LEADER 00000 a a2200000 04500
001 5938
003
040
245 |a Delincuencia común, crimen organizado y consolidación democrática  
650 |a DEMOCRACIA  
650 |a VIOLENCIA  
650 |a CONFLICTOS SOCIALES  
650 |a POLITICA GUBERNAMENTAL  
650 |a FUERZAS ARMADAS  
650 |a SOCIEDAD CIVIL  
650 |a ESTADO  
773 |g volumen 15, número 654; páginas 6-7  
999 |c 39646  |d 39646